000 00631nam a2200217 i 4500
001 49399
003 ES-MaACL
005 20250804062734.0
007 t|
008 030715s1967 sp ||||1| spa d
100 1 _aCorts Grau, José.
_940959
245 1 4 _aLos humanismos y el hombre /
_cJosé Corts Grau.
260 _aMadrid :
_bPrensa Española,
_c1967.
300 _a277 p. ;
_c17 cm.
490 1 _aColección "Plinto" ;
_v2
650 0 7 _aFilosofía
_2embne
_912802
830 0 _aColección "Plinto" ;
_v2
_9193440
852 _aES-MaACL
_jB-10523
_bR.65873
852 _aES-MaACL
_jP-1136-2
999 _c49399
_d49399